All Countries that have access to the sea - Statistics

General Stats
  • This quiz has been taken 16 times
    11 since last reset
  • The average score is 129 of 152
Answers on the Map
Answers color-coded by a green-red scale on the quiz's map according to % correct below.
 
Answer Stats
Answer % Correct
Argentina
100%
Australia
100%
Belgium
100%
Belize
100%
Brazil
100%
Canada
100%
Chile
100%
Colombia
100%
Cuba
100%
Denmark
100%
Dominican Republic
100%
Ecuador
100%
Federated States of Micronesia
100%
France
100%
Germany
100%
Greece
100%
Guatemala
100%
Guyana
100%
Haiti
100%
Honduras
100%
Italy
100%
Mexico
100%
Netherlands
100%
New Zealand
100%
Nicaragua
100%
Panama
100%
Peru
100%
Poland
100%
Portugal
100%
Romania
100%
Spain
100%
Suriname
100%
Turkey
100%
United States
100%
Uruguay
100%
Venezuela
100%
Angola
88%
Bahamas
88%
Bangladesh
88%
China
88%
Costa Rica
88%
Croatia
88%
Dominica
88%
Egypt
88%
El Salvador
88%
Equatorial Guinea
88%
Eritrea
88%
Fiji
88%
Finland
88%
Ghana
88%
Grenada
88%
Guinea
88%
Guinea-Bissau
88%
Iceland
88%
India
88%
Indonesia
88%
Iran
88%
Iraq
88%
Ireland
88%
Israel
88%
Jamaica
88%
Japan
88%
Kiribati
88%
Kuwait
88%
Libya
88%
Madagascar
88%
Malaysia
88%
Malta
88%
Marshall Islands
88%
Mauritania
88%
Mauritius
88%
Morocco
88%
Mozambique
88%
Myanmar
88%
Nigeria
88%
North Korea
88%
Norway
88%
Oman
88%
Pakistan
88%
Papua New Guinea
88%
Philippines
88%
Russia
88%
Saint Kitts and Nevis
88%
Saint Lucia
88%
São Tomé and Príncipe
88%
Saudi Arabia
88%
Somalia
88%
South Africa
88%
South Korea
88%
Sri Lanka
88%
Sweden
88%
Taiwan
88%
Thailand
88%
Tuvalu
88%
United Kingdom
88%
Vanuatu
88%
Vietnam
88%
Yemen
88%
Algeria
75%
Antigua and Barbuda
75%
Bahrain
75%
Barbados
75%
Benin
75%
Bosnia and Herzegovina
75%
Bulgaria
75%
Cambodia
75%
Cameroon
75%
Comoros
75%
Cyprus
75%
Democratic Republic of the Congo
75%
Djibouti
75%
Estonia
75%
Gabon
75%
Ivory Coast
75%
Jordan
75%
Kenya
75%
Latvia
75%
Lebanon
75%
Liberia
75%
Lithuania
75%
Maldives
75%
Namibia
75%
Nauru
75%
Palau
75%
Qatar
75%
Republic of the Congo
75%
Saint Vincent and the Grenadines
75%
Samoa
75%
Senegal
75%
Sierra Leone
75%
Slovenia
75%
Sudan
75%
Syria
75%
Togo
75%
Tonga
75%
Tunisia
75%
Ukraine
75%
United Arab Emirates
75%
Albania
63%
Cape Verde
63%
Gambia
63%
Georgia
63%
Monaco
63%
Montenegro
63%
Seychelles
63%
Singapore
63%
Solomon Islands
63%
Tanzania
63%
Trinidad and Tobago
63%
Brunei
50%
East Timor
50%
Palestine
50%
No matching quizzes found
Score Distribution
Percent of People with Each Score
Percentile by Number Answered
Your Score History
You have not taken this quiz since the last reset